[Event "IND-ch U17 Girls"]
[Site "Saravanampatty"]
[Date "2017.10.26"]
[Round "4"]
[White "Poorna, Sri MK"]
[Black "Harshita, Guddanti"]
[Result "0-1"]
[WhiteElo "1493"]
[BlackElo "2045"]
[PlyCount "62"]
[EventDate "2017.10.24"]
[EventType "swiss"]
[EventRounds "11"]
[EventCountry "IND"]
[SourceTitle "CBM 181 Extra"]
[Source "ChessBase"]
[SourceDate "2017.12.12"]
[SourceVersion "1"]
[SourceVersionDate "2017.12.12"]
[SourceQuality "1"]

1. e4 c5 2. Nf3 d6 3. d4 cxd4 4. Nxd4 Nf6 5. Nc3 a6 6. h3 e6 7. g4 Nfd7 8. g5 Nc6 9. Be3 Nxd4 10. Qxd4 b5 11. a3 Ne5 12. Be2 Nc6 13. Qd2 Qa5 14. 0-0-0 Rb8 15. Kb1 b4 16. axb4 Qxb4 17. b3 Be7 18. h4 a5 19. Ka2 Bd7 20. f4 0-0 21. h5 d5 22. exd5 a4 23. Bb5 axb3+ 24. cxb3 exd5 25. Ba4 Qa3+ 26. Kb1 Bf5+ 27. Qc2 Rxb3+ 28. Bxb3 Qxb3+ 29. Ka1 Bxc2 30. Rb1 Ra8+ 31. Na2 Rxa2# 0-1

[Event "IND-ch U17 Girls"]
[Site "Saravanampatty"]
[Date "2017.10.25"]
[Round "3"]
[White "Sagar, Siya"]
[Black "Poorna, Sri MK"]
[Result "0-1"]
[WhiteElo "1617"]
[BlackElo "1493"]
[PlyCount "114"]
[EventDate "2017.10.24"]
[EventType "swiss"]
[EventRounds "11"]
[EventCountry "IND"]
[SourceTitle "CBM 181 Extra"]
[Source "ChessBase"]
[SourceDate "2017.12.12"]
[SourceVersion "1"]
[SourceVersionDate "2017.12.12"]
[SourceQuality "1"]

1. e4 e5 2. Nf3 Nc6 3. Bb5 a6 4. Bxc6 dxc6 5. Nc3 Bg4 6. h3 Bxf3 7. Qxf3 Nf6 8. d3 Bd6 9. Bg5 Qe7 10. 0-0-0 0-0-0 11. Rhe1 Bb4 12. Bd2 Kb8 13. Kb1 h6 14. Qe3 g5 15. g3 Ne8 16. f4 f6 17. f5 Bxc3 18. Bxc3 c5 19. g4 b6 20. b3 Nd6 21. Bb2 Qd7 22. c3 Rhe8 23. Qf3 Qc6 24. h4 b5 25. hxg5 hxg5 26. Rh1 c4 27. Rh6 Rf8 28. bxc4 bxc4 29. Ba3 cxd3 30. Rxd3 Qxe4 31. Bxd6 Qxf3 32. Bxc7+ Kxc7 33. Rxf3 Rd1+ 34. Kc2 Rg1 35. Rh7+ Kc6 36. Rd3 Rg2+ 37. Rd2 Rxg4 38. Rdd7 Rg2+ 39. Kb3 Rb8+ 40. Ka3 Rbb2 41. Rc7+ Kd5 42. Rhd7+ Ke4 43. Rd1 Rxa2+ 44. Kb4 Kxf5 45. Rf1+ Rgf2 46. Rh1 g4 47. Rf7 g3 48. Rg7 Rh2 49. Rg1 Rag2 50. Rxg3 Rxg3 51. Rxg3 e4 52. c4 Ke5 53. Rg4 e3 54. Rg1 e2 55. Re1 Kd4 56. Kb3 f5 57. Kb4 f4 0-1